All Sonic PS2 games - Statistics

General Stats
  • This quiz has been taken 13 times
  • The average score is 6 of 10
Answer Stats
Answer % Correct
Shadow The Hedgehog
100%
Sonic heroes
100%
Sonic mega collection plus
83%
Sonic unleashed
83%
Sonic Riders
67%
Sonic gems collection
50%
Sonic Riders Zero Gravity
50%
Sega Genesis Collection
17%
Sega superstars
17%
Sega superstars tennis
0%
No matching quizzes found
Score Distribution
Percent of People with Each Score
Percentile by Number Answered
Your Score History
You have not taken this quiz